Аргонавты. Кн. 2 (Запись № 6872299)

Подробности
000 -МАРКЕР
контрольное поле 02609nam2a22004451 4500
001 - ИДЕНТИФИКАТОР ЗАПИСИ
контрольное поле v19\rc\1966746
005 - ИДЕНТИФИКАТОР ВЕРСИИ
контрольное поле 20251118181034.7
035 ## - ДРУГИЕ СИСТЕМНЫЕ НОМЕРА
Идентификатор записи (NLR Aleph) 005048803
100 ## - ДАННЫЕ ОБЩЕЙ ОБРАБОТКИ
Данные общей обработки 20080428d1914 u y0rusy50 ca
101 0# - ЯЗЫК РЕСУРСА
Язык текста, звукозаписи и т.д. русский
102 ## - СТРАНА ПУБЛИКАЦИИ ИЛИ ПРОИЗВОДСТВА
Страна публикации российская федерация
105 ## - ПОЛЕ КОДИРОВАННЫХ ДАННЫХ: ТЕКСТОВЫЕ МАТЕРИАЛЫ, МОНОГРАФИЧЕСКИЕ
Кодированные данные о монографическом текстовом документе y z |||||
135 ## - ПОЛЕ КОДИРОВАННЫХ ДАННЫХ: ЭЛЕКТРОННЫЕ РЕСУРСЫ
Кодированные данные для электронного ресурса crmn mmmanaba
200 0# - ЗАГЛАВИЕ И СВЕДЕНИЯ ОБ ОТВЕТСТВЕННОСТИ
Основное заглавие Кн. 2
Первые сведения об ответственности [Заставка работы худож. И. Рабиновича]
210 ## - ПУБЛИКАЦИЯ, РАСПРОСТРАНЕНИЕ И ДР.
Дата издания, распространения и т.д. 1914
215 ## - ФИЗИЧЕСКАЯ ХАРАКТЕРИСТИКА
Специфическое обозначение материала и объем 286 с.
325 ## - ПРИМЕЧАНИЕ О КОПИИ
Текст примечания Копия доступна в Электрон. б-ке РНБ
327 0# - ПРИМЕЧАНИЯ О СОДЕРЖАНИИ
Текст примечания Авторы: А. Альвинг, Я. Барановский, Г. Березовский, В. Василенко, Г. Вышеславцев, Р. Брамс, А. Бутовцев, Ю. Жуковская, Ю. Зубовский, И. Райцис и др.
461 #0 - УРОВЕНЬ НАБОРА
Встроенное поле 001v19\rc\1966744
-- 2001#$aАргонавты$eЛит.-худож. сб.$f[Обл. по мотиву архаич. вазы работы худож. М.П. Денисова]$vКн. 2
Системный номер (АБИС) связанной записи 6872282
Место публикации Киев
Дата публикации 1914
Первые сведения об ответственности [Обл. по мотиву архаич. вазы работы худож. М.П. Денисова]. Кн. 1-
Имя издателя, распространителя и т.д. И.И. Самоненко
Сведения, относящиеся к заглавию Лит.-худож. сб.
Заглавие Аргонавты
Номер тома Кн. 2
464 #0 - АНАЛИТИЧЕСКИЙ УРОВЕНЬ
Встроенное поле 701#1$aАльвинг$bА.
-- 701#1$aБарановский$bЯ.
-- 701#1$aБерезовский$bГ.
-- 701#1$aВасиленко$bВ.
-- 701#1$aВышеславцев$bГ.П.$gГригорий Петрович
-- 701#1$aБрамс$bР.
-- 701#1$aБутовцев$bА.
-- 701#1$aЖуковская$bЮ.
-- 701#1$aЗубовский$bЮ.Н.$f1890 или 1892-1919$gЮрий Николаевич
-- 701#1$aРайцис$bИ.
702 #1 - ИМЯ ЛИЦА - ВТОРИЧНАЯ ОТВЕТСТВЕННОСТЬ
Код отношения Иллюстратор
Графика поля Кириллица
Материалы, к которым относится поле rus
Начальный элемент ввода Рабинович
Часть имени, кроме начального элемента ввода И. М.
Дополнения к именам, кроме дат художник
Даты 1894-1961
Расширение инициалов личного имени Исаак Моисеевич
Системный номер авторитетной/нормативной записи 221274
Идентификатор авторитетной/нормативной записи RU\NLR\AUTH\770221330
801 #0 - ИСТОЧНИК ЗАПИСИ
Страна российская федерация
Организация NLR
Правила каталогизации psbo
801 #0 - ИСТОЧНИК ЗАПИСИ
Страна российская федерация
Организация RuMoRGB
Источник данных psbo
801 #1 - ИСТОЧНИК ЗАПИСИ
Страна российская федерация
Организация ProSoft-M
Источник данных rusmarc
852 ## - МЕСТОНАХОЖДЕНИЕ И ШИФР ХРАНЕНИЯ
Идентификатор организации NLR
Шифр хранения (Call Number) 37.40.5.29(2)
856 #0 - МЕСТОНАХОЖДЕНИЕ ЭЛЕКТРОННЫХ РЕСУРОВ И ДОСТУП К НИМ
Универсальный идентификатор ресурса (Uniform Resource Identifier) https://vivaldi.nlr.ru/bx000026956/view/?#page=208
856 #1 - МЕСТОНАХОЖДЕНИЕ ЭЛЕКТРОННЫХ РЕСУРОВ И ДОСТУП К НИМ
Универсальный идентификатор ресурса (Uniform Resource Identifier) https://vivaldi.nlr.ru/bx000026956/cover
856 #2 - МЕСТОНАХОЖДЕНИЕ ЭЛЕКТРОННЫХ РЕСУРОВ И ДОСТУП К НИМ
Универсальный идентификатор ресурса (Uniform Resource Identifier) https://vivaldi.nlr.ru/bx000026956/text
899 ## - ДАННЫЕ О МЕСТОНАХОЖДЕНИИ (устаревшее)
Местонахождение RuMoRGB
Шифр хранения W 505/54
899 ## - ДАННЫЕ О МЕСТОНАХОЖДЕНИИ (устаревшее)
Местонахождение RuMoRGB
Шифр хранения S 2/523
899 ## - ДАННЫЕ О МЕСТОНАХОЖДЕНИИ (устаревшее)
Местонахождение RuMoRGB
Шифр хранения Кл 11/51
899 ## - ДАННЫЕ О МЕСТОНАХОЖДЕНИИ (устаревшее)
Местонахождение БАН
942 ## - ДОПОЛНИТЕЛЬНЫЕ ЭЛЕМЕНТЫ ЗАПИСИ (АБИС)
Тип экземпляра АБИС Книга
980 ## - КОЛЛЕКЦИЯ
Название коллекции Национальная библиография
981 44 - КОЛЛЕКЦИЯ ЭЛЕКТРОННОЙ БИБЛИОТЕКИ
Название коллекции Оцифровано по рекомендациям читателей
981 33 - КОЛЛЕКЦИЯ ЭЛЕКТРОННОЙ БИБЛИОТЕКИ
Название коллекции Художественная литература
Название подколлекции 1. Отечественная литература
Экземпляры
Тип экземпляра Дата поступления Библиотека постоянного хранения Библиотека текущего хранения Место хранения Шифр хранения Штрих-код Статус не для выдачи
Книга 26.10.2013 РНБ (Садовая) РНБ (Садовая) Русский книжный фонд -Главное здание, Ленинский читальный зал 37.40.5.29(2) 5048803-10